000 00619nam a22002055i 4500
001 68836
003 ES-MaACL
005 20251004063114.0
007 t|
008 960829s1853 fr ||||1| fre d
040 _aCAM
_bspa
_cCAM
100 1 _aGirardin, Émile de,
_d1806-1881
_957233
245 1 0 _aSolutions de la question d'Orient /
_cEmile de Girardin.
250 _a2e. éd.
260 _aParis :
_bLibrairie Nouvelle,
_c1853 (
_fImp. Serriere et Ce)
300 _a183 p. ;
_c22 cm.
650 4 _aCuestión de Oriente (Balcanes)
_9141179
852 _aES-MaACL
_jT-359-F-1
999 _c68836
_d68836